Index to place names appearing on the Normal 1 : 100,000 scale map series of Egypt.

محفوظ في:

مؤلف مشترك: Egypt. Maṣlaḥat al-Misāḥah

التنسيق: كتاب

اللغة: English

الموضوعات:

الوسوم: إضافة وسم

لا توجد وسوم, كن أول من يضع وسما على هذه التسجيلة!

رقم الطلب: DT45 .A3 1932

LEADER 00960namaa2200253 4500
001 11104
003 OSt
005 20210613091204.0
008 130303s1932 ua b g d 000 0 eng d
952 |0 0  |1 0  |2 lcc  |4 0  |6 DT0045 A3 01932  |7 1  |9 16097  |a ARCE  |b ARCE  |d 2021-06-13  |l 0  |o DT45 .A3 1932  |p 1023478  |r 2021-06-13 00:00:00  |w 2021-06-13  |y BK 
999 |c 12590 | 13185  |d 12590 
040 |c ARCE Library 
043 |a f-ua--- 
050 0 4 |a DT45 .A3 1932 
110 1 |6 880-01  |a Egypt.  |b Maṣlaḥat al-Misāḥah, 
245 1 0 |a Index to place names appearing on the Normal 1 : 100,000 scale map series of Egypt. 
264 1 |a Cairo :  |b Govt. Press,  |c 1932. 
300 |a x, 388 pages :   |b folded color map (in pocket) ;   |c 28 cm. 
500 |a "Co-ordinate card" in pocket. 
500 |a "Errata" : [1] pages inserted. 
651 0 |a Egypt  |v Gazetteers. 
880 1 |6 100-01/(3/r  |a مصر .‪‪‪‪‪‪‪‪‪‪‪  |b مصلحة المساحة 
901 |a reviewed 
942 |c BK  |2 lcc